Une lettre , Un personnage version Demon Slayer - Statistiques

Statistiques générales
  • Ce quiz a été pris 148 fois
  • Le résultat moyen est 14 sur 19
Statistiques - réponses
Par images Réponse % Correct
Akaza
98%
Inosuke Hashibira
95%
Nezuko Kamado
94%
Muzan Kibutsuji
93%
Tanjiro Kamado
93%
Zenitsu Agatsuma
92%
Uzui Tengen
91%
Doma
90%
Obanai Iguro
86%
Gyutaro
77%
Rui
77%
Enmu
76%
Sabito
76%
Kokushibo
71%
Hotaru Haganezuka
60%
Yoriichi Tsugikuni
58%
Jigoro Kuwajima
29%
Chachamaru
28%
Wakuraba
13%
Aucun quiz correspondant
Distribution des résultats
% des personnes avec chaque résultat
Percentile par nombre de réponses
Votre historique - résultats
Vous n’avez pas pris ce quiz